LEADER 01283nam a2200277 u 4500 001 000000030547 003 CaOOAMICUS 005 20070226112036.0 008 970917r19771899stk u000 u eng u 035 $a10769660 040 $aPUL$bita 100 1 $aToy, Crawford Howell,$d1836-1919.$0(OLS)http://pul/name/24583 245 12$aA critical and exegetical commentary on the Book of Proverbs /$cby Crawford H. Toy .. 260 $aEdinburgh :$bT. & T. Clark,$c1977. 300 $axxxvi, 554 p. ;$c22 cm 490 1 $aInternational critical commentary on the Holy Scriptures of the Old and New Testaments 500 $a"Index" : p. 551-554. 500 $aRistampa della 1. ed. del 1899. 630 04$aBiblia.$pV.T.$pProverbia$xCommenti.$0(OLS)http://pul/subject/634 830 0$aInternational critical commentary on the Holy Scriptures of the Old and New Testaments.$0(OLS)http://pul/title/41926 850 $aPUL 852 $aPUL$W1$xSL Religione 1$y3$m5 L 17$j42232$nBK-PRI$b $qStampati$B42232$CPULBib$Z2$F42232 $H $81 941 1 $a8 961 $aINV: 47890 996 $6245$aA critical and exegetical commentary on the Book of Proverbs$9(OLS)http://pul/title/41961 996 $6260$aEdinburgh :$bT. & T. Clark$9(OLS)http://pul/publisher/51693 LEADER 01740nam a2200349 a 4500 001 000000164422 003 CaOOAMICUS 005 20171122085154.0 008 171121s2017 sp u000 u spa r 020 $a978-84-220-1984-8* 032 $aLibriCat 040 $aPUL$bita 082 04$a234 245 00$aCor Iesu, vultus misericordiae :$bactas del congreso internacional, Barcelona, 31 marzo - 3 abril 2016, año jubilar de la misericordia /$cPablo Cervera, Enrique Martínez (eds.) 260 $aMadrid :$bBiblioteca de Autores Cristianos,$c2017. 300 $aXVI, 297 p. ;$c21 cm. 490 1 $aEstudios y ensayos.$aTeologia ;$v216 490 1 $aBiblioteca de autores cristianos. Cor Christi ;$v08 504 $aBibliografia nelle note. 650 4$aMisericordia.$0(OLS)http://pul/subject/36909 700 1 $aCervera Barranco, Pablo.$0(OLS)http://pul/name/41256 700 1 $aMartínez, Enrique.$0(OLS)http://pul/name/65871 830 0$aEstudios y ensayos.$pTeología ;$v216.$0(OLS)http://pul/title/65613 830 0$aCor Christi (Biblioteca de autores cristianos) ;$v08.$0(OLS)http://pul/title/204101 850 $aPUL 852 $aPUL$W1$xSL Religione 3$y85$m234 CERPA 1$j188554$qDDC 21$B191720$CPULBib$Z2$F191720 $H130218 $81 941 1 $a9 996 $6020$a978-84-220-1984-8*$9(OLS)http://pul/number/163281 996 $6082$a234$9(OLS)http://pul/classification/573 996 $6245$aCor Iesu, vultus misericordiae :$bactas del congreso internacional, Barcelona, 31 marzo - 3 abril 2016, año jubilar de la misericordia$9(OLS)http://pul/title/204100 996 $6260$aMadrid :$bBiblioteca de Autores Cristianos$9(OLS)http://pul/publisher/53632